ESSENTIALS OF MIDWIFERY & OBSTETRICAL NURSING (Record no. 21909)

MARC details
000 -LEADER
fixed length control field 00377nam a22001577a 4500
003 - CONTROL NUMBER IDENTIFIER
control field SGT
020 ## - INTERNATIONAL STANDARD BOOK NUMBER
International Standard Book Number 97890502551638
082 ## - DEWEY DECIMAL CLASSIFICATION NUMBER
Classification number 610.7367
Item number E11B
100 ## - MAIN ENTRY--PERSONAL NAME
Personal name BASAVANTHAPPA, B.T.
245 ## - TITLE STATEMENT
Title ESSENTIALS OF MIDWIFERY & OBSTETRICAL NURSING
250 ## - EDITION STATEMENT
Edition statement 1ST
260 ## - PUBLICATION, DISTRIBUTION, ETC. (IMPRINT)
Place of publication, distribution, etc INDIA
Name of publisher, distributor, etc JAYPEE PUB
Year of Publication 2011
300 ## - PAGE DESCRIPTION
No. of Pages 659
650 ## - SUBJECT ADDED ENTRY--TOPICAL TERM
Topical term or geographic name as entry element OBSTETRIC NURSING
942 ## - ADDED ENTRY ELEMENTS (KOHA)
Source of classification or shelving scheme Dewey Decimal Classification
Koha item type Books
942 ## - ADDED ENTRY ELEMENTS (KOHA)
-- 26
Holdings
Withdrawn status Lost status Source of classification or shelving scheme Damaged status Not for loan Collection code Home library Current library Shelving location Date acquired Vendor Name Cost, normal purchase price SGTU Bill Number Total Checkouts Full call number Accession No. (Barcode) Date last seen Date last borrowed Bill Date Koha item type
    Dewey Decimal Classification     NURSING SGT Medical Library SGT Medical Library Text Book 01/10/2021 JAYPEE PUB 750.00 SGTU N5/INV/-1/21-00076 10 610.7367 E11B FN4341 26/11/2025 04/11/2025   Books
    Dewey Decimal Classification     NURSING SGT Medical Library SGT Medical Library Text Book 01/10/2021 JAYPEE PUB 750.00 SGTU N5/INV/-1/21-00076 7 610.7367 E11B FN4342 16/04/2026 01/04/2026   Books
    Dewey Decimal Classification     NURSING SGT Medical Library SGT Medical Library Text Book 01/10/2021 JAYPEE PUB 750.00 SGTU N5/INV/-1/21-00076 12 610.7367 E11B FN4343 29/04/2026 10/04/2026   Books
    Dewey Decimal Classification     NURSING SGT Medical Library SGT Medical Library Text Book 01/10/2021 JAYPEE PUB 750.00 SGTU N5/INV/-1/21-00076 8 610.7367 E11B FN4344 19/03/2026 06/03/2026   Books
    Dewey Decimal Classification     NURSING SGT Medical Library SGT Medical Library Text Book 01/10/2021 JAYPEE PUB 750.00 SGTU N5/INV/-1/21-00076   610.7367 E11B FN4345 01/10/2021     Books